Soccer Club by Country 2 - Statistics

General Stats
  • This quiz has been taken 30 times
  • The average score is 11 of 16
Answer Stats
Clubs Answer % Correct
FC Seoul South Korea
93%
Albacete Balompié Spain
93%
Tampa Bay Rowdies USA
89%
OH Leuven Belgium
85%
Bröndby IF Denmark
85%
Maccabi Haifa Israel
85%
FC Volendam Netherlands
85%
APOEL FC Cyprus
74%
Ross County Scotland
74%
Orlando Pirates F.C. South Africa
74%
SV Ried Austria
63%
Casa Pia A.C. Portugal
63%
Barcelona S.C. Ecuador
48%
FK RFS Latvia
33%
CD Everton Chile
30%
Trat FC Thailand
19%
No matching quizzes found
Score Distribution
Percent of People with Each Score
Percentile by Number Answered
Your Score History
You have not taken this quiz